German Nobel Prize Winners from 1945 to the Present Day

Đã lưu trong:
书目详细资料
主要作者: Rainer Kothe
格式: 图书
语言:Undetermined
出版: Bonn, Germany Inter Nationes 1996
主题:
标签: 添加标签
没有标签, 成为第一个标记此记录!
Thư viện lưu trữ: Trung tâm Học liệu Trường Đại học Cần Thơ
LEADER 00519nam a2200181Ia 4500
001 CTU_36087
008 210402s9999 xx 000 0 und d
082 |a 001.44 
082 |b K87 
100 |a Rainer Kothe 
245 0 |a German Nobel Prize Winners from 1945 to the Present Day 
245 0 |c Rainer Kothe 
260 |a Bonn, Germany 
260 |b Inter Nationes 
260 |c 1996 
650 |a celebrities - germany,nobel prizes 
904 |i Minh, 000411 
980 |a Trung tâm Học liệu Trường Đại học Cần Thơ